01331nam a22003617a 4500003000400000005001700004008004100021040002200062082001700084100005300101245001400154260007800168300001900246366000800265490002400273505002100297505002000318505001800338505008700356505008100443505002800524505001600552505003500568505002400603505002500627650004100652650005000693650004300743650004800786650004300834650004400877650004800921OSt20230518094131.0221006b |||||||| |||| 00| 0 eng d cBiblioteca Lado V a701.1bS744a aSrendni de Birbragher, Celiaeeditoraedirectora aArtNexus/ bAsociación de Revistas Culturalesc2020aCanadaaAmerica LatinaaBrasil c24x30cma163p. espa a115v18x0120 713 X tCecilia Vicuña tWilliam Cordoba tTatiana Blass tBienala14 Bienal Internacional de curitiba Tabara 45 Salon Nacional de Artistas tExposicionesaAdriana Varejao Ernesto Neto Julio Le Parc Beatriz Gonzalez tCrónicas Individuales tColectivas  tGuía de Galerías y Museos  tLIbros y Catalogos  tLibros para la Venta 2Tesauro de Arte & ArquitecturaaARTE 2Tesauro de Arte & ArquitecturaaEXPOSICIONES  2Tesauro de Arte & ArquitecturaaBIENAL 2Tesauro de Arte & ArquitecturaaAPRECIACION 2Tesauro de Arte & ArquitecturaaTEORIA 2Tesauro de Arte & ArquitecturaaCRITICA 2Tesauro de Arte & ArquitecturaaFOTOGRAFIA